[Event "Winnipeg TNT September op"]
[Site "Winnipeg CAN"]
[Date "2005.09.27"]
[Round "4"]
[White "Trueman, Francis"]
[Black "Wasserman, Leor"]
[Result "1-0"]
[WhiteElo "1376"]
[BlackElo "1181"]
[PlyCount "111"]
[GameId "2160767910900318"]
[EventDate "2005.09.06"]
[EventType "swiss"]
[EventRounds "4"]
[EventCountry "CAN"]
[SourceTitle "EXT 2022"]
[Source "ChessBase"]
[SourceDate "2021.10.06"]
[SourceVersion "1"]
[SourceVersionDate "2021.10.06"]
[SourceQuality "1"]

1. Nf3 Nc6 2. d3 e5 3. e4 Nf6 4. Nbd2 Be7 5. g3 O-O 6. Bg2 d5 7. O-O dxe4 8. dxe4 Bg4 9. c3 Qd7 10. Re1 Rad8 11. Qe2 Rfe8 12. Nc4 Bh3 13. Nfxe5 Qe6 14. Nxc6 Qxc6 15. Bxh3 Bf8 16. Bg2 Qe6 17. Bg5 Bc5 18. b4 Be7 19. Bxf6 Bxf6 20. Rac1 b5 21. Ne3 Qa6 22. Ng4 Bg5 23. Rcd1 Bf6 24. Nxf6+ Qxf6 25. Rxd8 Rxd8 26. Rd1 g6 27. Rxd8+ Qxd8 28. Qxb5 Qd1+ 29. Bf1 Qc2 30. Qe8+ Kg7 31. Qe5+ Kh6 32. Qxc7 Qxa2 33. Qc4 Qc2 34. Qxf7 Qxc3 35. Qf4+ g5 36. Qd6+ Kh5 37. Be2+ g4 38. Qd5+ Kg6 39. Bxg4 Qxb4 40. Qg8+ Kh6 41. e5 a5 42. Bf5 Qe1+ 43. Kg2 Qxe5 44. Qxh7+ Kg5 45. f4+ Kf6 46. fxe5+ Kxe5 47. Bc2 a4 48. Bxa4 Kd5 49. Qf5+ Kd4 50. h4 Ke3 51. h5 Kd4 52. h6 Ke3 53. h7 Kd2 54. h8=Q Ke1 55. Qd8 Ke2 56. Qf2# 1-0

[Event "Winnipeg TNT September op"]
[Site "Winnipeg CAN"]
[Date "2005.09.27"]
[Round "4"]
[White "Wasserman, Arie"]
[Black "Essery, Richard"]
[Result "1-0"]
[WhiteElo "1592"]
[BlackElo "1686"]
[PlyCount "47"]
[GameId "2160767910900319"]
[EventDate "2005.09.06"]
[EventType "swiss"]
[EventRounds "4"]
[EventCountry "CAN"]
[SourceTitle "EXT 2022"]
[Source "ChessBase"]
[SourceDate "2021.10.06"]
[SourceVersion "1"]
[SourceVersionDate "2021.10.06"]
[SourceQuality "1"]

1. e4 c5 2. Nf3 d5 3. exd5 Nf6 4. Nc3 Nxd5 5. Bb5+ Bd7 6. Bxd7+ Qxd7 7. Nxd5 Qxd5 8. O-O g6 9. Re1 Bg7 10. Qe2 Nc6 11. d3 O-O 12. c4 Qd7 13. Rb1 Nb4 14. Be3 b6 15. Red1 Nxa2 16. d4 cxd4 17. Nxd4 e6 18. Nf5 Qc7 19. Nxg7 Kxg7 20. Bd4+ Kg8 21. b4 Nxb4 22. Rxb4 Rad8 23. Bf6 Rc8 24. Qe3 1-0

[Event "Winnipeg Winter op"]
[Site "Winnipeg CAN"]
[Date "2005.02.11"]
[Round "1"]
[White "Anderson, George"]
[Black "Proulx, Roy"]
[Result "0-1"]
[WhiteElo "1394"]
[BlackElo "1756"]
[PlyCount "29"]
[GameId "2160767911027206"]
[EventDate "2005.02.11"]
[EventType "swiss"]
[EventRounds "5"]
[EventCountry "CAN"]
[SourceTitle "EXT 2006"]
[Source "ChessBase"]
[SourceDate "2005.11.24"]
[SourceVersion "1"]
[SourceVersionDate "2005.11.24"]
[SourceQuality "1"]

1. e4 e6 2. c4 c5 3. Nc3 Nc6 4. Nf3 Nge7 5. Bd3 g6 6. O-O Bg7 7. a3 O-O 8. Bb1 d5 9. cxd5 exd5 10. exd5 Nxd5 11. Ba2 Nxc3 12. dxc3 Qc7 13. Ng5 h6 14. Nxf7 Rxf7 15. Bxf7+ 0-1

[Event "Winnipeg Winter op"]
[Site "Winnipeg CAN"]
[Date "2005.02.11"]
[Round "1"]
[White "Czarny, Keith"]
[Black "Reimer, Bruce"]
[Result "1-0"]
[WhiteElo "1658"]
[BlackElo "1357"]
[PlyCount "91"]
[GameId "2160767911027207"]
[EventDate "2005.02.11"]
[EventType "swiss"]
[EventRounds "5"]
[EventCountry "CAN"]
[SourceTitle "EXT 2006"]
[Source "ChessBase"]
[SourceDate "2005.11.24"]
[SourceVersion "1"]
[SourceVersionDate "2005.11.24"]
[SourceQuality "1"]

1. Nf3 d6 2. d4 Nf6 3. c4 g6 4. g3 Bg7 5. Bg2 O-O 6. O-O c5 7. Nc3 a6 8. Be3 cxd4 9. Nxd4 Qc7 10. Qd3 Nc6 11. Nxc6 bxc6 12. Qd2 Rb8 13. b3 Rd8 14. h3 Bb7 15. Rac1 c5 16. Bh6 Bxg2 17. Kxg2 Qc6+ 18. Kg1 Bh8 19. Rfd1 Qd7 20. Kh2 Qf5 21. Qe3 Rb7 22. Bg5 Rbd7 23. Bxf6 Bxf6 24. Nd5 Bd4 25. Nxe7+ Rxe7 26. Qxe7 Qxf2+ 27. Kh1 Rf8 28. Rd3 Be5 29. Rf3 Qxe2 30. Rcf1 f5 31. R1f2 Qe4 32. Qe6+ Kh8 33. Qd5 Qb1+ 34. Kg2 Qc1 35. Qd2 Qb1 36. Re2 Qa1 37. Rd3 Bg7 38. Rxd6 Bd4 39. Re1 Qc3 40. Qxc3 Bxc3 41. Re7 Bg7 42. Rxa6 f4 43. gxf4 Rxf4 44. Ra8+ Rf8 45. Rxf8+ Bxf8 46. Rb7 1-0

[Event "Winnipeg Winter op"]
[Site "Winnipeg CAN"]
[Date "2005.02.11"]
[Round "1"]
[White "Oberton, Daniel"]
[Black "Schulz, Manfred"]
[Result "0-1"]
[WhiteElo "1621"]
[BlackElo "1938"]
[PlyCount "60"]
[GameId "2160767911031304"]
[EventDate "2005.02.11"]
[EventType "swiss"]
[EventRounds "5"]
[EventCountry "CAN"]
[SourceTitle "EXT 2006"]
[Source "ChessBase"]
[SourceDate "2005.11.24"]
[SourceVersion "1"]
[SourceVersionDate "2005.11.24"]
[SourceQuality "1"]

1. e4 c6 2. d4 d5 3. e5 Bf5 4. Nf3 e6 5. Bd3 Bxd3 6. Qxd3 Qa5+ 7. c3 Qa6 8. Qxa6 Nxa6 9. Bg5 c5 10. Nbd2 Ne7 11. O-O Rc8 12. Rac1 Nc6 13. Rfd1 h6 14. Bf4 Be7 15. Nb3 O-O 16. Rc2 cxd4 17. cxd4 Nab4 18. Rcc1 Nxa2 19. Ra1 Nab4 20. Rdc1 Nd3 21. Rc2 Nxf4 22. g3 Nh3+ 23. Kg2 Ng5 24. Nc5 Nxf3 25. Kxf3 Nxd4+ 26. Kg2 Nxc2 27. Rxa7 Bxc5 28. Rxb7 d4 29. Rb3 d3 30. Kf1 Rfd8 0-1

[Event "Winnipeg Winter op"]
[Site "Winnipeg CAN"]
[Date "2005.02.11"]
[Round "1"]
[White "Tang, Edward"]
[Black "Kohalmi, Andy"]
[Result "1-0"]
[WhiteElo "2010"]
[BlackElo "1624"]
[PlyCount "89"]
[GameId "2160767911031305"]
[EventDate "2005.02.11"]
[EventType "swiss"]
[EventRounds "5"]
[EventCountry "CAN"]
[SourceTitle "EXT 2006"]
[Source "ChessBase"]
[SourceDate "2005.11.24"]
[SourceVersion "1"]
[SourceVersionDate "2005.11.24"]
[SourceQuality "1"]

1. e4 c5 2. Nf3 Nc6 3. d4 cxd4 4. Nxd4 Nf6 5. Nc3 a6 6. Nxc6 dxc6 7. Qxd8+ Kxd8 8. Bf4 Nd7 9. O-O-O e5 10. Bxe5 f6 11. Bg3 Bb4 12. Bc4 Ke7 13. Rhe1 Ne5 14. Bb3 a5 15. f4 Bxc3 16. bxc3 a4 17. fxe5 axb3 18. exf6+ gxf6 19. axb3 Bg4 20. Rd3 Ra1+ 21. Kb2 Rxe1 22. Bxe1 Be2 23. Rd2 Bh5 24. Bh4 Ke6 25. Rf2 Rf8 26. Bg3 Bg6 27. e5 f5 28. c4 Rd8 29. Kc3 c5 30. Rd2 Rxd2 31. Kxd2 Be8 32. Bf4 Bc6 33. g3 h5 34. c3 Be4 35. b4 b6 36. Bg5 cxb4 37. cxb4 Kxe5 38. Be3 b5 39. cxb5 Kd6 40. Kc3 Bg2 41. Kd4 Kc7 42. Ke5 Be4 43. Kf6 Bd3 44. b6+ Kb7 45. Kg5 1-0

[Event "Winnipeg Winter op"]
[Site "Winnipeg CAN"]
[Date "2005.02.12"]
[Round "2"]
[White "Cleto, Sam"]
[Black "Tang, Edward"]
[Result "0-1"]
[WhiteElo "1812"]
[BlackElo "2010"]
[PlyCount "96"]
[GameId "2160767911031306"]
[EventDate "2005.02.11"]
[EventType "swiss"]
[EventRounds "5"]
[EventCountry "CAN"]
[SourceTitle "EXT 2006"]
[Source "ChessBase"]
[SourceDate "2005.11.24"]
[SourceVersion "1"]
[SourceVersionDate "2005.11.24"]
[SourceQuality "1"]

1. Nf3 g6 2. d4 Nf6 3. g3 Bg7 4. Bg2 O-O 5. O-O d6 6. Bf4 c6 7. Qc1 Re8 8. Bh6 Bh8 9. Nc3 Qa5 10. e4 Qh5 11. Bg5 Bh3 12. Nh4 Bxg2 13. Kxg2 Nbd7 14. h3 e5 15. f3 h6 16. Bxh6 exd4 17. Ne2 Nxe4 18. Qf4 g5 19. Qf5 Qxh6 20. fxe4 Ne5 21. Nf3 Nxf3 22. Rxf3 Re7 23. Raf1 Be5 24. Qg4 Rae8 25. h4 f6 26. Rh1 Rh7 27. Rff1 Qh5 28. Qf5 Qxe2+ 29. Rf2 Qh5 30. g4 Qh6 31. h5 Rhe7 32. Re1 Qh7 33. Qf3 Qf7 34. Ree2 Qxa2 35. b3 Bf4 36. e5 Rxe5 37. Qd3 f5 38. gxf5 Qa6 39. Rxe5 dxe5 40. c4 c5 41. Qh3 Qf6 42. Ra2 a6 43. Ra5 Qc6+ 44. Kf1 b6 45. Ra2 Rf8 46. Rxa6 Ra8 47. Rxa8+ Qxa8 48. Qd3 Qh1+ 0-1

[Event "Winnipeg Winter op"]
[Site "Winnipeg CAN"]
[Date "2005.02.12"]
[Round "2"]
[White "Kohalmi, Andy"]
[Black "Czarny, Keith"]
[Result "1/2-1/2"]
[WhiteElo "1624"]
[BlackElo "1658"]
[PlyCount "116"]
[GameId "2160767911031308"]
[EventDate "2005.02.11"]
[EventType "swiss"]
[EventRounds "5"]
[EventCountry "CAN"]
[SourceTitle "EXT 2006"]
[Source "ChessBase"]
[SourceDate "2005.11.24"]
[SourceVersion "1"]
[SourceVersionDate "2005.11.24"]
[SourceQuality "1"]

1. d4 f5 2. Bg5 g6 3. e3 Bg7 4. Bc4 d5 5. Bb3 Nf6 6. c4 c6 7. Nc3 e6 8. f3 O-O 9. Nge2 Qc7 10. Rc1 Nbd7 11. Nf4 Nb6 12. Bxf6 Bxf6 13. cxd5 exd5 14. Ncxd5 Nxd5 15. Nxd5 Qa5+ 16. Nc3+ Kh8 17. O-O Bd7 18. Qe2 Rae8 19. Qd3 Qb6 20. Kh1 Re7 21. Na4 Qd8 22. Nc5 Bc8 23. Rce1 Rfe8 24. Qd2 b6 25. Nd3 Ba6 26. Rf2 c5 27. Ba4 b5 28. Nxc5 bxa4 29. Nxa6 Qxd4 30. e4 fxe4 31. Qxd4 Bxd4 32. Rfe2 e3 33. Nb4 a5 34. Nc6 Rd7 35. Nxa5 Rc7 36. g3 Bb6 37. b4 axb3 38. Nxb3 Rec8 39. f4 Rc3 40. Kg2 Bc5 41. Nxc5 R8xc5 42. Kf3 Ra5 43. h3 Raa3 44. Rxe3 Rxe3+ 45. Rxe3 Rxa2 46. Kg4 Ra5 47. Re5 Ra7 48. h4 Kg7 49. h5 Rf7 50. hxg6 hxg6 51. Kg5 Ra7 52. g4 Rb7 53. f5 gxf5 54. gxf5 Kf7 55. f6 Rb1 56. Re7+ Kf8 57. Kf5 Rf1+ 58. Ke6 Re1+ 1/2-1/2

[Event "Winnipeg Winter op"]
[Site "Winnipeg CAN"]
[Date "2005.02.12"]
[Round "2"]
[White "Schulz, Manfred"]
[Black "Proulx, Roy"]
[Result "1/2-1/2"]
[WhiteElo "1938"]
[BlackElo "1756"]
[PlyCount "74"]
[GameId "2160767911031309"]
[EventDate "2005.02.11"]
[EventType "swiss"]
[EventRounds "5"]
[EventCountry "CAN"]
[SourceTitle "EXT 2006"]
[Source "ChessBase"]
[SourceDate "2005.11.24"]
[SourceVersion "1"]
[SourceVersionDate "2005.11.24"]
[SourceQuality "1"]

1. d4 d5 2. Bf4 Nf6 3. Nf3 e6 4. e3 c5 5. c3 Nc6 6. Nbd2 cxd4 7. cxd4 Bd7 8. Rc1 Rc8 9. a3 Be7 10. Bd3 Nh5 11. Be5 Nxe5 12. Nxe5 Rxc1 13. Qxc1 f5 14. O-O O-O 15. Be2 Nf6 16. Qc2 Ne4 17. Rc1 Bd6 18. f4 Bxe5 19. fxe5 Qg5 20. Qd3 Bb5 21. Nxe4 fxe4 22. Qd2 Bxe2 23. Qxe2 Qe7 24. Rc5 Qf7 25. b4 h6 26. a4 a6 27. h3 Kh8 28. b5 axb5 29. axb5 Ra8 30. Kh2 Ra3 31. b6 Qe7 32. Rc7 Qg5 33. Rxb7 Rxe3 34. Qf2 Rb3 35. Rb8+ Kh7 36. b7 e3 37. Qc2+ Qf5 1/2-1/2

[Event "Winnipeg Winter op"]
[Site "Winnipeg CAN"]
[Date "2005.02.12"]
[Round "3"]
[White "Anderson, George"]
[Black "Gannon, Keith"]
[Result "0-1"]
[WhiteElo "1394"]
[BlackElo "1573"]
[PlyCount "68"]
[GameId "2160767911031310"]
[EventDate "2005.02.11"]
[EventType "swiss"]
[EventRounds "5"]
[EventCountry "CAN"]
[SourceTitle "EXT 2006"]
[Source "ChessBase"]
[SourceDate "2005.11.24"]
[SourceVersion "1"]
[SourceVersionDate "2005.11.24"]
[SourceQuality "1"]

1. e4 e5 2. Nf3 d6 3. Bc4 Nf6 4. d3 Be7 5. c3 c6 6. Qb3 d5 7. exd5 cxd5 8. Bb5+ Bd7 9. Bxd7+ Nbxd7 10. Qxb7 O-O 11. O-O Nc5 12. Qb5 a6 13. Qb4 Nxd3 14. Qh4 Ne4 15. Qh3 Nxc1 16. Rxc1 Qb6 17. Rf1 Qxb2 18. Qd7 Bc5 19. Qxd5 Bxf2+ 20. Kh1 Qxa1 21. Qxe4 Qb2 22. Nxe5 Qxa2 23. Qf3 f6 24. Nd7 Rfd8 25. Nxf6+ gxf6 26. Qxf6 Qf7 27. Qg5+ Qg6 28. Qf4 Rf8 29. Qc4+ Kh8 30. Nd2 Be3 31. Qe2 Bxd2 32. Rxf8+ Rxf8 33. h3 Bxc3 34. Qxa6 Qxa6 0-1

[Event "Winnipeg Winter op"]
[Site "Winnipeg CAN"]
[Date "2005.02.12"]
[Round "3"]
[White "Cleto, Sam"]
[Black "Czarny, Keith"]
[Result "1-0"]
[WhiteElo "1812"]
[BlackElo "1658"]
[PlyCount "65"]
[GameId "2160767911031311"]
[EventDate "2005.02.11"]
[EventType "swiss"]
[EventRounds "5"]
[EventCountry "CAN"]
[SourceTitle "EXT 2006"]
[Source "ChessBase"]
[SourceDate "2005.11.24"]
[SourceVersion "1"]
[SourceVersionDate "2005.11.24"]
[SourceQuality "1"]

1. d4 f5 2. g3 g6 3. Bg2 Bg7 4. Nf3 Nf6 5. O-O O-O 6. c4 d5 7. cxd5 Nxd5 8. Nc3 c6 9. Bg5 h6 10. Bd2 Be6 11. e3 Nd7 12. Nxd5 Bxd5 13. Nh4 Bxg2 14. Kxg2 g5 15. Qb3+ Kh7 16. Nxf5 Rxf5 17. Qc2 Nf6 18. Qxf5+ Kh8 19. Bc3 Qd6 20. e4 e6 21. Qf3 Qe7 22. Rfe1 Rf8 23. Qd3 Qf7 24. d5 cxd5 25. exd5 Nxd5 26. Bxg7+ Kxg7 27. Re2 Qd7 28. Qe4 Rf6 29. Rae1 Qf7 30. Rc1 e5 31. Qxe5 Kg6 32. Rd1 Nb4 33. Qe4+ 1-0

[Event "Winnipeg Winter op"]
[Site "Winnipeg CAN"]
[Date "2005.02.12"]
[Round "3"]
[White "Proulx, Roy"]
[Black "Tang, Edward"]
[Result "1/2-1/2"]
[WhiteElo "1756"]
[BlackElo "2010"]
[PlyCount "34"]
[GameId "2160767911031313"]
[EventDate "2005.02.11"]
[EventType "swiss"]
[EventRounds "5"]
[EventCountry "CAN"]
[SourceTitle "EXT 2006"]
[Source "ChessBase"]
[SourceDate "2005.11.24"]
[SourceVersion "1"]
[SourceVersionDate "2005.11.24"]
[SourceQuality "1"]

1. d4 Nf6 2. c4 g6 3. Nc3 Bg7 4. g3 O-O 5. Bg2 d6 6. Nf3 c6 7. O-O Qa5 8. e4 Bg4 9. h3 Bxf3 10. Bxf3 Nfd7 11. Rb1 Qb4 12. Qd3 Na6 13. a3 Qb6 14. Be3 e5 15. dxe5 Nxe5 16. Bxb6 Nxd3 17. Be3 Ndc5 1/2-1/2

[Event "Winnipeg Winter op"]
[Site "Winnipeg CAN"]
[Date "2005.02.12"]
[Round "3"]
[White "Reimer, Bruce"]
[Black "Oberton, Daniel"]
[Result "1-0"]
[WhiteElo "1357"]
[BlackElo "1621"]
[PlyCount "99"]
[GameId "2160767911031314"]
[EventDate "2005.02.11"]
[EventType "swiss"]
[EventRounds "5"]
[EventCountry "CAN"]
[SourceTitle "EXT 2006"]
[Source "ChessBase"]
[SourceDate "2005.11.24"]
[SourceVersion "1"]
[SourceVersionDate "2005.11.24"]
[SourceQuality "1"]

1. c4 e5 2. g3 Nf6 3. Bg2 Bc5 4. e3 d5 5. cxd5 Nxd5 6. Ne2 O-O 7. O-O Nc6 8. d4 exd4 9. exd4 Be7 10. Nbc3 Be6 11. f4 Nxc3 12. bxc3 Bd5 13. Bxd5 Qxd5 14. Bb2 Bd6 15. Nc1 Rfe8 16. Nd3 Ne7 17. Qf3 b5 18. Qxd5 Nxd5 19. Rae1 f6 20. Rxe8+ Rxe8 21. Re1 Rxe1+ 22. Nxe1 c5 23. Kf2 cxd4 24. cxd4 b4 25. Nd3 Nc3 26. Bxc3 bxc3 27. Ke2 a5 28. Nc5 Bxc5 29. dxc5 Kf8 30. Kd3 c2 31. Kxc2 Ke7 32. Kc3 Kd7 33. Kc4 Kc6 34. g4 g6 35. h3 h6 36. h4 a4 37. a3 h5 38. gxh5 gxh5 39. f5 Kd7 40. Kb5 Kc7 41. Kxa4 Kc6 42. Kb4 Kb7 43. Kb5 Kc7 44. a4 Kb7 45. a5 Kb8 46. Kb6 Ka8 47. c6 Kb8 48. c7+ Kc8 49. a6 Kd7 50. Kb7 1-0

[Event "Winnipeg Winter op"]
[Site "Winnipeg CAN"]
[Date "2005.02.13"]
[Round "4"]
[White "Czarny, Keith"]
[Black "Anderson, George"]
[Result "0-1"]
[WhiteElo "1658"]
[BlackElo "1394"]
[PlyCount "74"]
[GameId "2160767911031315"]
[EventDate "2005.02.11"]
[EventType "swiss"]
[EventRounds "5"]
[EventCountry "CAN"]
[SourceTitle "EXT 2006"]
[Source "ChessBase"]
[SourceDate "2005.11.24"]
[SourceVersion "1"]
[SourceVersionDate "2005.11.24"]
[SourceQuality "1"]

1. d4 e6 2. c4 Nc6 3. Nf3 b6 4. e4 Bb7 5. Nc3 Nce7 6. Bd3 Rc8 7. O-O h6 8. d5 c5 9. d6 Ng6 10. Nb5 a6 11. Nc7+ Rxc7 12. dxc7 Qxc7 13. g3 Bd6 14. Re1 h5 15. h4 Nf6 16. Bg5 Ng4 17. e5 N6xe5 18. Nxe5 Bxe5 19. f4 Bd4+ 20. Kf1 Ne3+ 21. Rxe3 Bxe3 22. Ke2 Bd4 23. Qf1 f6 24. f5 fxg5 25. fxe6 Rf8 26. exd7+ Qxd7 27. Bg6+ Ke7 28. Qe1 Qg4+ 29. Kd2+ Kd8 30. Kc2 gxh4 31. Bxh5 Qxh5 32. gxh4 Rf2+ 33. Kb3 Rxb2+ 34. Ka3 Re2 35. Qg3 Re3+ 36. Ka4 Rxg3 37. a3 Bc6# 0-1

[Event "Winnipeg Winter op"]
[Site "Winnipeg CAN"]
[Date "2005.02.13"]
[Round "4"]
[White "Oberton, Daniel"]
[Black "Gibbons, Lorne"]
[Result "0-1"]
[WhiteElo "1621"]
[BlackElo "1302"]
[PlyCount "124"]
[GameId "2160767911031317"]
[EventDate "2005.02.11"]
[EventType "swiss"]
[EventRounds "5"]
[EventCountry "CAN"]
[SourceTitle "EXT 2006"]
[Source "ChessBase"]
[SourceDate "2005.11.24"]
[SourceVersion "1"]
[SourceVersionDate "2005.11.24"]
[SourceQuality "1"]

1. e4 e6 2. d4 c5 3. Nf3 Nc6 4. d5 exd5 5. exd5 Nce7 6. Bg5 Qb6 7. b3 h6 8. Bh4 g5 9. Bg3 Bg7 10. c3 Nf6 11. Bc4 d6 12. O-O Bf5 13. Re1 Qc7 14. Bd3 Bxd3 15. Qxd3 O-O 16. Nbd2 Nfxd5 17. Ne4 Rad8 18. Rad1 Be5 19. Nfd2 f5 20. Bxe5 dxe5 21. Nxc5 Nf4 22. Qe3 e4 23. g3 Ned5 24. Qd4 Nf6 25. Qc4+ Rd5 26. gxf4 Qxc5 27. fxg5 hxg5 28. b4 Qxc4 29. Nxc4 Rfd8 30. Ne3 Rxd1 31. Rxd1 Rxd1+ 32. Nxd1 Kf7 33. Ne3 Ke6 34. Kf1 f4 35. Nc2 Kd5 36. Ke2 Kc4 37. Kd2 Ng4 38. Nd4 Nxh2 39. Ne6 Nf3+ 40. Kc2 e3 41. fxe3 fxe3 42. Kd1 Kd3 43. Nd4 Nxd4 44. cxd4 Kxd4 45. Ke2 g4 46. a4 g3 47. Kf1 Kd3 48. b5 Kd2 49. Kg2 e2 50. Kxg3 e1=Q+ 51. Kf4 Kc3 52. a5 Kb4 53. b6 a6 54. Kf5 Kc5 55. Kf4 Kd4 56. Kg4 Ke4 57. Kg5 Qf2 58. Kg6 Ke5 59. Kg5 Qf4+ 60. Kh5 Qg3 61. Kh6 Kf6 62. Kh7 Qg7# 0-1

[Event "Winnipeg Winter op"]
[Site "Winnipeg CAN"]
[Date "2005.02.13"]
[Round "4"]
[White "Proulx, Roy"]
[Black "Gannon, Keith"]
[Result "1-0"]
[WhiteElo "1756"]
[BlackElo "1573"]
[PlyCount "60"]
[GameId "2160767911031318"]
[EventDate "2005.02.11"]
[EventType "swiss"]
[EventRounds "5"]
[EventCountry "CAN"]
[SourceTitle "EXT 2006"]
[Source "ChessBase"]
[SourceDate "2005.11.24"]
[SourceVersion "1"]
[SourceVersionDate "2005.11.24"]
[SourceQuality "1"]

1. d4 Nf6 2. Nf3 d5 3. c4 e6 4. Nc3 Bb4 5. a3 Bxc3+ 6. bxc3 O-O 7. Bg5 Nbd7 8. e3 c5 9. cxd5 exd5 10. Bd3 Qa5 11. Qc2 a6 12. O-O Re8 13. c4 cxd4 14. exd4 dxc4 15. Bxc4 Ne4 16. Rfe1 Nd6 17. Rxe8+ Nxe8 18. Bd2 Qb6 19. Rb1 Qd8 20. Ng5 Ndf6 21. Nxf7 Qxd4 22. Nh6+ Kh8 23. Nf7+ Kg8 24. Re1 Bd7 25. Ne5+ Kh8 26. Bc3 Ba4 27. Qb2 Qa7 28. Nf7+ Kg8 29. Qb4 h5 30. Ng5+ Kh8 1-0

[Event "Winnipeg Winter op"]
[Site "Winnipeg CAN"]
[Date "2005.02.13"]
[Round "4"]
[White "Tang, Edward"]
[Black "Schulz, Manfred"]
[Result "1-0"]
[WhiteElo "2010"]
[BlackElo "1938"]
[PlyCount "105"]
[GameId "2160767911031320"]
[EventDate "2005.02.11"]
[EventType "swiss"]
[EventRounds "5"]
[EventCountry "CAN"]
[SourceTitle "EXT 2006"]
[Source "ChessBase"]
[SourceDate "2005.11.24"]
[SourceVersion "1"]
[SourceVersionDate "2005.11.24"]
[SourceQuality "1"]

1. e4 c6 2. d4 d5 3. Nc3 dxe4 4. Nxe4 Nd7 5. Bc4 Ngf6 6. Ng5 e6 7. Qe2 Nb6 8. Bd3 c5 9. dxc5 Bxc5 10. N1f3 h6 11. Ne4 Nxe4 12. Bxe4 O-O 13. O-O Qc7 14. Be3 Bxe3 15. Qxe3 Bd7 16. b3 Bc6 17. c4 Rfd8 18. Rfd1 Bxe4 19. Qxe4 Nd7 20. h3 Nf6 21. Qe3 a6 22. Qe5 Qb6 23. Qe2 Qc7 24. Rxd8+ Rxd8 25. Rd1 Rxd1+ 26. Qxd1 Qd7 27. Qxd7 Nxd7 28. Kf1 Kf8 29. Ke2 Ke7 30. b4 Kd6 31. Ke3 b6 32. g4 f6 33. Kd4 Kc6 34. Nd2 Ne5 35. f4 Ng6 36. Ke4 Ne7 37. Nf3 Kd6 38. a3 Nc6 39. Nd4 Nxd4 40. Kxd4 Kc6 41. Ke4 Kd6 42. h4 Kc6 43. g5 Kd6 44. a4 a5 45. c5+ Kc6 46. cxb6 Kxb6 47. b5 Kc5 48. gxh6 gxh6 49. Kf3 h5 50. Ke4 Kd6 51. Kd4 Kc7 52. Kc5 Kb7 53. Kd6 1-0

[Event "Winnipeg Winter op"]
[Site "Winnipeg CAN"]
[Date "2005.02.13"]
[Round "5"]
[White "Cleto, Sam"]
[Black "Proulx, Roy"]
[Result "1-0"]
[WhiteElo "1812"]
[BlackElo "1756"]
[PlyCount "71"]
[GameId "2160767911031321"]
[EventDate "2005.02.11"]
[EventType "swiss"]
[EventRounds "5"]
[EventCountry "CAN"]
[SourceTitle "EXT 2006"]
[Source "ChessBase"]
[SourceDate "2005.11.24"]
[SourceVersion "1"]
[SourceVersionDate "2005.11.24"]
[SourceQuality "1"]

1. e4 e6 2. d4 d5 3. Nd2 c5 4. exd5 exd5 5. Bb5+ Nc6 6. Qe2+ Qe7 7. dxc5 Qxe2+ 8. Nxe2 Bxc5 9. Nb3 Bb6 10. O-O Nf6 11. Ned4 Bd7 12. Re1+ Ne4 13. Bxc6 bxc6 14. f3 c5 15. fxe4 cxd4 16. exd5+ Kd8 17. Kh1 Rc8 18. Bf4 Rxc2 19. Be5 f6 20. Nxd4 Rd2 21. Nf3 Rxd5 22. Bc3 Re8 23. Rad1 Rxd1 24. Rxd1 Kc7 25. Nd4 Bxd4 26. Bxd4 Re2 27. Rc1+ Bc6 28. a4 Kb7 29. b4 Bxg2+ 30. Kg1 Bf3 31. Rc3 Be4 32. Rg3 Bg6 33. a5 a6 34. Rc3 Rc2 35. Re3 Rc7 36. Bc5 1-0

[Event "Winnipeg Winter op"]
[Site "Winnipeg CAN"]
[Date "2005.02.13"]
[Round "5"]
[White "Kohalmi, Andy"]
[Black "Oberton, Daniel"]
[Result "1-0"]
[WhiteElo "1624"]
[BlackElo "1621"]
[PlyCount "107"]
[GameId "2160767911031323"]
[EventDate "2005.02.11"]
[EventType "swiss"]
[EventRounds "5"]
[EventCountry "CAN"]
[SourceTitle "EXT 2006"]
[Source "ChessBase"]
[SourceDate "2005.11.24"]
[SourceVersion "1"]
[SourceVersionDate "2005.11.24"]
[SourceQuality "1"]

1. d4 Nf6 2. Nf3 e6 3. e3 g6 4. b3 Bg7 5. Bb2 Nc6 6. c4 d5 7. Nc3 O-O 8. Bd3 Re8 9. O-O dxc4 10. Bxc4 b6 11. Qe2 Bb7 12. Ba6 Qc8 13. Bxb7 Qxb7 14. Rac1 Rad8 15. Rfd1 Nb4 16. a3 Nbd5 17. h3 Nxc3 18. Bxc3 Ne4 19. Bb2 a5 20. Rc2 Rc8 21. Rdc1 c5 22. Qb5 Nd6 23. Qe2 cxd4 24. Bxd4 Bxd4 25. Nxd4 Rxc2 26. Rxc2 Rc8 27. f3 Rxc2 28. Qxc2 b5 29. Kf2 e5 30. Nc6 Qc7 31. Qc5 e4 32. Qd5 exf3 33. gxf3 Kg7 34. e4 Qb6+ 35. Qd4+ Qxd4+ 36. Nxd4 Kf6 37. Ke3 g5 38. f4 h6 39. e5+ Ke7 40. exd6+ Kxd6 41. Nxb5+ Kd5 42. Nc3+ Ke6 43. Ne4 f6 44. Nc5+ Kf5 45. fxg5 hxg5 46. Nb7 Ke5 47. Nxa5 f5 48. Nc4+ Kd5 49. a4 f4+ 50. Kf3 Kc5 51. a5 Kc6 52. b4 Kb5 53. Nd6+ Ka6 54. Ne4 1-0

[Event "Winnipeg Winter op"]
[Site "Winnipeg CAN"]
[Date "2005.02.13"]
[Round "5"]
[White "Reimer, Bruce"]
[Black "Anderson, George"]
[Result "1-0"]
[WhiteElo "1357"]
[BlackElo "1394"]
[PlyCount "61"]
[GameId "2160767911031324"]
[EventDate "2005.02.11"]
[EventType "swiss"]
[EventRounds "5"]
[EventCountry "CAN"]
[SourceTitle "EXT 2006"]
[Source "ChessBase"]
[SourceDate "2005.11.24"]
[SourceVersion "1"]
[SourceVersionDate "2005.11.24"]
[SourceQuality "1"]

1. c4 e6 2. g3 Nf6 3. Bg2 Bc5 4. Nc3 Nc6 5. e3 O-O 6. Nge2 Qe8 7. O-O Bb6 8. d4 a6 9. a3 d6 10. b4 e5 11. d5 Ne7 12. Ne4 Nxe4 13. Bxe4 Bh3 14. Re1 f5 15. Bh1 Qg6 16. Bg2 Bg4 17. Qc2 Rf6 18. c5 dxc5 19. bxc5 Ba7 20. Bb2 Qh5 21. Bxe5 Rh6 22. h4 c6 23. dxc6 bxc6 24. Qc4+ Kh8 25. Nf4 Qe8 26. Ne6 Rg6 27. Nc7 Qc8 28. Nxa8 Qxa8 29. Qxa6 Nd5 30. Rab1 Re6 31. Rb8+ 1-0